00985nam a2200265Ia 450000500170000000800410001702000180005810000440007624500970012025000180021730000480023565000410028365000410032465000400036565000440040570000590044994200150050826400460052333600270056933700330059633800280062904000350065708400120069299900150070420220317001545.0161108s2014 ck a g 000 j s  a97895885457451 aMontoya Vargas, Juan Sebastiánd1985-10aMi vecino es un monstruo?cJuan Sebastián Montoya Vargas ; ilustraciones de Felipe Alfonso a1a. edición a35 páginasbilustraciones en colorc22 cm142LEMBaCuentos infantiles colombianos142LEMBaLiteratura infantil colombiana142LEMBaNiñosvEnfermedadesxCuento142LEMBaDiscriminación en la literatura1 aAlfonso Calderón, Felipe Andréseilustrador975722 2loccBKLIT aBogotábTaller de Edición Roccac2014 atextobtxt2rdacontent asin mediaciónbn2rdamedia avolumenbnc2rdacarrier aCO-BoRNBPbspaerdacCO-BoRNBP aC MON28 c7360d7360